LEADER 02289nam 2200673 450 001 9910814556303321 005 20200520144314.0 010 $a1-118-56155-4 010 $a1-118-56153-8 010 $a1-118-56136-8 035 $a(CKB)3710000000635567 035 $a(EBL)4462504 035 $a(SSID)ssj0001639584 035 $a(PQKBManifestationID)16399263 035 $a(PQKBTitleCode)TC0001639584 035 $a(PQKBWorkID)14902130 035 $a(PQKB)10136411 035 $a(PQKBManifestationID)16327693 035 $a(PQKBWorkID)14902276 035 $a(PQKB)22792474 035 $a(MiAaPQ)EBC4462504 035 $a(DLC) 2016005795 035 $a(Au-PeEL)EBL4462504 035 $a(CaPaEBR)ebr11189902 035 $a(CaONFJC)MIL909466 035 $a(OCoLC)937062372 035 $a(PPN)250839687 035 $a(EXLCZ)993710000000635567 100 $a20160105d2016 uy| 0 101 0 $aeng 135 $aur|n|---||||| 181 $ctxt 182 $cc 183 $acr 200 10$aCetacean palaeobiology /$fFelix G. Marx, Olivier Lambert and Mark D. Uhen 210 1$aChichester, UK ;$aHoboken, NJ :$cJohn Wiley & Sons,$d2016. 215 $a1 online resource (508 p.) 225 1 $aTOPA Topics in Paleobiology 300 $aDescription based upon print version of record. 311 $a1-118-56154-6 311 $a1-118-56127-9 320 $aIncludes bibliographical references and index. 327 $aCetaceans past and present -- The cetacean fossil record -- Morphology -- Phylogeny -- Major steps in the evolution of cetaceans -- Fossil evidence of cetacean biology -- Macroevolutionary patterns -- Palaeontological insights into evolution and development -- Living cetaceans in an evolutionary context. 410 0$aTOPA Topics in Paleobiology 606 $aCetacea, Fossil 606 $aEvolutionary paleobiology 615 0$aCetacea, Fossil. 615 0$aEvolutionary paleobiology. 676 $a569/.5 700 $aMarx$b Felix G.$01701243 702 $aLambert$b Olivier$c(Paleontologist), 702 $aUhen$b Mark D. 801 0$bMiAaPQ 801 1$bMiAaPQ 801 2$bMiAaPQ 906 $aBOOK 912 $a9910814556303321 996 $aCetacean palaeobiology$94084835 997 $aUNINA LEADER 02727oas 2200973 a 450 001 9910231844703321 005 20260128110051.0 011 $a1943-7226 035 $a(OCoLC)60628859 035 $a(CONSER) 2008202091 035 $a(CKB)111085436321032 035 $a(DE-599)ZDB2209042-3 035 $a(DE-599)2209042-3 035 $a(EXLCZ)99111085436321032 100 $a20050614a20049999 sy a 101 0 $aeng 135 $aur||||||||||| 181 $ctxt$2rdacontent 182 $cc$2rdamedia 183 $acr$2rdacarrier 200 10$aGIScience & remote sensing 210 1$a[Palm Beach, FL] :$cV.H. Winston & Son,$dİ2004- 210 21$a[Columbia, MD] :$cBellwether Publishing Ltd. 210 31$a[Abingdon, Oxfordshire, UK] :$cTaylor & Francis 300 $aRefereed/Peer-reviewed 311 08$a1548-1603 517 1 $aGIScience and remote sensing 517 1 $aGeographic information systems science and remote sensing 531 0 $aGIScience remote sens. 606 $aGeodesy$vPeriodicals 606 $aCartography$vPeriodicals 606 $aAerial photogrammetry$vPeriodicals 606 $aRemote sensing$vPeriodicals 606 $aGe?ode?sie$vPe?riodiques 606 $aCartographie$vPe?riodiques 606 $aPhotogramme?trie ae?rienne$vPe?riodiques 606 $aTe?le?de?tection$vPe?riodiques 606 $aAerial photogrammetry$2fast$3(OCoLC)fst00798071 606 $aCartography$2fast$3(OCoLC)fst00848025 606 $aGeodesy$2fast$3(OCoLC)fst00940371 606 $aRemote sensing$2fast$3(OCoLC)fst01094469 608 $aperiodicals.$2aat 608 $aPeriodicals.$2fast 608 $aPeriodicals.$2lcgft 608 $aPe?riodiques.$2rvmgf 615 0$aGeodesy 615 0$aCartography 615 0$aAerial photogrammetry 615 0$aRemote sensing 615 6$aGe?ode?sie 615 6$aCartographie 615 6$aPhotogramme?trie ae?rienne 615 6$aTe?le?de?tection 615 7$aAerial photogrammetry. 615 7$aCartography. 615 7$aGeodesy. 615 7$aRemote sensing. 676 $a526.05 712 02$aTaylor & Francis, 801 0$bOCLCS 801 1$bOCLCS 801 2$bDLC 801 2$bOCLCQ 801 2$bOCLCF 801 2$bTXA 801 2$bOCLCQ 801 2$bAU@ 801 2$bUKMGB 801 2$bCNTRU 801 2$bVT2 801 2$bDLC 801 2$bUBY 801 2$bDLC 801 2$bOCLCQ 801 2$bAUD 801 2$bADU 801 2$bOCLCL 801 2$bQGK 801 2$bUEJ 801 2$bOCLCQ 906 $aJOURNAL 912 $a9910231844703321 996 $aGIScience & remote sensing$92311374 997 $aUNINA